=LDR 00000nam 2200000 4500 =001 INLIS000000000037542 =005 20240822021336 =035 ##$$a 0010-061300000037542 =008 240822################g##########0#ind## =041 ##$$a Ind =082 ##$$a 813 =090 ##$$a 813, Bly s =100 ##$$a Blyton, Enid =245 1#$$a The secret seven, Serikat sapta siaga, /$c Enid blyton; Alih bahasa, Agus Setiadi =260 ##$$a Jakarta :$b Gramedia,$c 2011 =300 ##$$a 128 hlm ; $c 18 cm =650 #4$$a Fiksi Indonesia =700 #$$a Setiadi, Agus =850 ##$$a NBPNMAT =084 ##$$a 813 BLY t =990 ##$$a 0001/BPAP-NTB/20142015 =990 ##$$a 21102244